Guess the 1960s song lyrics #223 - Statistics

General Stats
  • This quiz has been taken 31 times
  • The average score is 178 of 293
Answer Stats
Answer % Correct
a
96%
the
91%
The
91%
and
83%
And
83%
Go
83%
be
78%
in
78%
In
78%
you
78%
All
74%
all
74%
it
74%
my
74%
of
74%
on
74%
to
74%
city
70%
down
70%
night
70%
Hot
65%
it's
65%
summer
65%
Summer
65%
days
61%
for
61%
like
61%
out
61%
so
61%
Back
57%
can't
57%
find
57%
girl
57%
nights
57%
at
52%
But
52%
Cool
52%
dance
52%
every
52%
isn't
52%
different
48%
Doesn't
48%
getting
48%
know
48%
look
48%
neck
48%
pity
48%
Been
43%
Come
43%
come
43%
corner
43%
don't
43%
gritty
43%
lookin
43%
up
43%
world
43%
cat
39%
I'm
39%
people
39%
pretty
39%
seem
39%
alright
35%
dirty
35%
Gonna
35%
gonna
35%
looking
35%
Lovin Spoonful
35%
than
35%
town
35%
fine
30%
head
30%
heat
30%
it'll
30%
kitty
30%
shadow
30%
around
26%
bus
26%
hotter
26%
sidewalk
26%
babe
22%
half
22%
meet
22%
stop
22%
Walking
22%
dead
17%
match
17%
rooftop
17%
Despite
13%
Running
13%
Dressin
9%
evenin
9%
stairs
9%
Til
9%
wheezin
9%
No matching quizzes found
Score Distribution
Percent of People with Each Score
Percentile by Number Answered
Your Score History
You have not taken this quiz